00594 2200205 4500001002100000005001700021008004100038035002400079090001800103100002000121245003700141260007900178300003000257650001400287850001500301990002100316990002100337999001500358999001500373YOGYA-0211000000225020161116145301.0 ind  0010-021100000002250 aDep 658 Wes P aWestra, Pariata aPokok-pokok pengertian manajemen aYogyakartabBalai Pembinaan Administrasi Akademi Administrasi Negarac1980 a90 hlm . ; ilus . ; 20 cm aManajemen aYOPDYOG[B] aCB-D.11/1980-190 aCB-D.11/1980-191 aD000001126 aP000014601